Impulsem el comerç : Àrea de Comerç Àrea de Comerç
Descripción Física:
[6] p. ; 21 cm
Otros Autores:
Barcelona. Diputació. Àrea de Comerç
MARC
| LEADER | 00000nam a2200000Ia 4500 | ||
|---|---|---|---|
| 001 | 22163 | ||
| 008 | 160829s2009 xx 000 0 cat d | ||
| 080 | |a FU-49-73 | ||
| 245 | |a Impulsem el comerç : |b Àrea de Comerç | ||
| 260 | |a Barcelona : |b Diputació de Barcelona. Àrea de Comerç, |c 2009 | ||
| 300 | |a [6] p. ; |c 21 cm | ||
| 590 | |a Octubre 2009. | ||
| 590 | |a A la coberta: Més serveis per als ajuntaments, més benestar per a la ciutadania | ||
| 610 | 1 | 0 | |a Barcelona (Catalunya : Província). |b Àrea de Comerç |9 55032 |
| 650 | |a Comerç |x Barcelona (Província) |9 41301 | ||
| 700 | |a Barcelona. Diputació. Àrea de Comerç | ||
| 901 | |a Arxiu | ||
| 942 | |n 1 | ||
| 952 | |0 0 |1 0 |4 0 |6 FU4973 |7 1 |9 50146 |a Arxiu |b Arxiu |d 2016-12-01 |l 0 |o FU-49-73 |p 22163 |r 2016-12-01 00:00:00 |w 2016-12-01 |y ARXIU | ||
| 999 | |c 53988 |d 53988 | ||